000
00282nam a22001217a 4500
999
_c
534047
_d
534047
040
_c
dlc
082
_a
821.7
100
_a
Bruce Wood Cock
_9
28164
245
_a
The Selected Poetry and Prose of Shelley
260
_a
London
_b
Woodwork
_c
c2002
300
_a
688;p
942
_2
ddc
_c
BK